| 000 | 00565nam a2200181Ia 4500 | ||
|---|---|---|---|
| 003 | OSt | ||
| 005 | 20200803115435.0 | ||
| 008 | 190216s9999||||xx |||||||||||||| ||und|| | ||
| 020 | _a0070992568 | ||
| 040 | _coclc | ||
| 082 |
_a515.352 _bCOD/T |
||
| 100 |
_aCoddington, Earl A _93908 |
||
| 245 | 0 |
_aTheory Of Ordinary Differential Equations / _cEarl A Coddington ; Norman Levinson |
|
| 260 |
_bTata Mcgrawhill Publishers, _c1979. _aNew Delhi: |
||
| 300 | _a429p | ||
| 650 | _aMathematics | ||
| 942 |
_cBK _2ddc _h515.352 _iCOD/T _k515.352 _mCOD/T |
||
| 999 |
_c30588 _d30588 |
||